Géographie de l'Amérique du Nord par lettre - G - Statistiques

Statistiques générales
  • Ce quiz a été pris 215 fois
  • Le résultat moyen est 12 sur 20
Statistiques - réponses
Indice Réponse % Correct
Pays d'Amérique centrale Guatemala
96%
Sa plus grande ville est Atlanta Géorgie
91%
Célèbre pont à San Francisco Golden Gate
90%
Surnom de la ville de New York La {grosse} {pomme}
89%
Pays insulaire qui partage son nom avec un fruit Grenade
88%
Plus grande île du monde Groenland
88%
Le département nº 971 Guadeloupe
82%
Nom des habitants du précédent Guatémaltèque
82%
Supérieur, Huron, Érié, Ontario et Michigan Grands Lacs
80%
On retrouve à Yellowstone les deux tiers de ce type de sources d'eau chaude Geyser
65%
Base navale américaine à Cuba Guantánamo
64%
Archipel proche de l'île de Saint-Vincent Grenadines
58%
Deuxième plus grande ville mexicaine Guadalajara
57%
Célèbre gorge dans le nord de l'Arizona Grand Canyon
49%
Devise monétaire d'Haïti (aussi le nom d'un contenant) Gourde
36%
Lieu d'une bataille importante de la guerre de Sécession, en Pennsylvanie Gettysburg
32%
Résidence principale d'Elvis Presley Graceland
30%
Péninsule québécoise célèbrepour ses paysages naturels Gaspésie
17%
Ville québécoise juste en face d'Ottawa Gatineau
15%
Célèbre monument de Saint-Louis {Gateway} Arch
9%
Aucun quiz correspondant
Distribution des résultats
% des personnes avec chaque résultat
Percentile par nombre de réponses
Votre historique - résultats
Vous n’avez pas pris ce quiz